Vista normal
Vista MARC
Entrada Personal Name
Número de registros utilizados en: 1
001 - CONTROL NUMBER
- control field: 4178
003 - CONTROL NUMBER IDENTIFIER
- control field: OSt
005 - DATE AND TIME OF LATEST TRANSACTION
- control field: 20240807102748.0
008 - FIXED-LENGTH DATA ELEMENTS
- fixed length control field: 240807|| aca||aabn | a|a d
040 ## - CATALOGING SOURCE
- Original cataloging agency: OSt
- Transcribing agency: OSt
100 ## - HEADING--PERSONAL NAME
- Personal name: Vieta, Eduardo
670 ## - SOURCE DATA FOUND
- Source citation: Work cat.: (OSt)3186: Carvalho, André F. Ed. 4177, Tratamiento del trastorno bipolar., 2017.